MARC

LEADER 00000nam0a2200000 4500
001 310497
005 20231102002307.0
035 |a (RuTPU)RU\TPU\book\335847 
090 |a 310497 
100 |a 20151126d1962 m y0rusy50 ca 
101 0 |a rus 
102 |a RU 
105 |a a z 001zy 
200 1 |a Аварии на объектах котлонадзора и меры по их предупреждению  |e информационное письмо  |f РСФСР, Комитет по надзору за безопасным ведением работ в промышленности и горному надзору (Госгортехнадзор РСФСР) ; сост. А. М. Кондрашов , Н. А. Ласунов 
210 |a Москва  |c Госгортехиздат  |d 1962 
215 |a 88 с.  |c ил. 
320 |a Перечень статей, опубликованных в журнале "Безопасность труда в промышленности": с. 84-86. 
606 1 |a Котельные топки  |x Аварии  |2 stltpush  |3 (RuTPU)RU\TPU\subj\15939  |9 42136 
610 1 |a паровые котлы 
610 1 |a повреждения 
610 1 |a надзор 
610 1 |a безопасная эксплуатация 
610 1 |a сосуды под давлением 
610 1 |a информационные письма 
675 |a 621.182.004  |v 4 
702 1 |a Кондрашов  |b А. М.  |4 220 
702 1 |a Ласунов  |b Н. А.  |4 220 
712 0 1 |a РСФСР  |b Комитет по надзору за безопасным ведением работ в промышленности и горному надзору (Госгортехнадзор РСФСР)  |c (1958-1966)  |2 stltpush  |3 (RuTPU)RU\TPU\col\13146 
801 1 |a RU  |b 63413507  |c 20151126 
801 2 |a RU  |b 63413507  |c 20151130  |g RCR 
942 |c BK